[Event "10th EICC"]
[Site "Budva MNE"]
[Date "2009.03.11"]
[Round "6"]
[White "Stamatovic,V"]
[Black "Zdravkovic,DS"]
[Result "1-0"]
[WhiteElo "1974"]
[BlackElo "2130"]
[EventDate "2009.03.06"]

1. d4 g6 2. c4 Bg7 3. Nc3 d6 4. Nf3 Nd7 5. Qc2 c5 6. d5 Ne5 7. e4 Nxf3+ 8.
gxf3 Bd7 9. h4 Nf6 10. Be3 a6 11. a3 Nh5 12. b4 b6 13. Rb1 O-O 14. Be2 Be5
15. Qd2 Qc8 16. Bg5 f6 17. Be3 Bd4 18. Bxd4 cxd4 19. Qxd4 Nf4 20. Qd2 g5
21. Rg1 Nxe2 22. Qxe2 h6 23. Nd1 Kg7 24. Ne3 b5 25. Rc1 bxc4 26. Rxc4 Qe8
27. Qc2 Bb5 28. Rc7 Rc8 29. e5 f5 30. hxg5 Rxc7 31. Qxc7 hxg5 32. Rxg5+ Kh6
33. f4 Bd3 34. exd6 Rg8 35. Qxe7 Qc8 36. Qf6+ 1-0

[Event "10th EICC"]
[Site "Budva MNE"]
[Date "2009.03.11"]
[Round "6"]
[White "Vucinic,P"]
[Black "Vrhovnik,D"]
[Result "1-0"]
[WhiteElo "2257"]
[BlackElo "1976"]
[EventDate "2009.03.06"]

1. e4 c5 2. c3 g6 3. d4 cxd4 4. cxd4 d5 5. e5 Bg7 6. Nf3 Nc6 7. Nc3 Nh6 8.
Qb3 Nf5 9. Bb5 O-O 10. Qa4 Bd7 11. Qd1 a6 12. Ba4 b5 13. Bb3 e6 14. O-O Qb6
15. Ne2 Rac8 16. Bf4 a5 17. Qd2 f6 18. Rfd1 a4 19. Bc2 fxe5 20. dxe5 Rc7
21. Rac1 Rfc8 22. Bxf5 gxf5 23. h4 Be8 24. Be3 Qb7 25. Bf4 Bh5 26. Qe3 Kh8
27. Kh2 Nd8 28. Rxc7 Rxc7 29. Ned4 Rc4 30. b3 Rc7 31. Bg5 Rc8 32. Bxd8 Rxd8
33. Nxe6 Re8 34. Nxg7 Qxg7 35. Rxd5 1-0

[Event "10th EICC"]
[Site "Budva MNE"]
[Date "2009.03.11"]
[Round "6"]
[White "Petovic,L"]
[Black "Dedic,S"]
[Result "1-0"]
[WhiteElo "2052"]
[BlackElo "1968"]
[EventDate "2009.03.06"]

1. e4 e5 2. Nf3 Nc6 3. Bb5 Nf6 4. O-O Be7 5. Re1 d6 6. h3 Bd7 7. c3 a6 8.
Ba4 O-O 9. d4 exd4 10. cxd4 Re8 11. Nc3 b5 12. Bc2 h6 13. e5 dxe5 14. dxe5
Nh7 15. Qd3 Nf8 16. a3 Bc5 17. b4 Ba7 18. Bb2 Be6 19. Qe4 Nd4 20. Rad1
Nxf3+ 21. Qxf3 Qe7 22. Ne4 Red8 23. Nf6+ Kh8 24. Nh5 Qh4 25. Nf4 Qe7 26.
Nxe6 Nxe6 27. Qf5 g6 28. Qe4 c5 29. h4 cxb4 30. axb4 h5 31. Rd6 Kg8 32.
Red1 Rdc8 33. Bb3 Nf8 34. e6 Kh7 35. Rd7 Nxd7 36. Rxd7 Qe8 37. Qe5 Qg8 38.
Rxf7+ Qxf7 39. exf7 1-0

[Event "10th EICC"]
[Site "Budva MNE"]
[Date "2009.03.11"]
[Round "6"]
[White "Kanceljak,D"]
[Black "Mikavica,D"]
[Result "0-1"]
[WhiteElo "1917"]
[BlackElo "2034"]
[EventDate "2009.03.06"]

1. e4 e5 2. Bc4 c6 3. Qe2 a5 4. c3 Be7 5. Nf3 d6 6. d4 Nd7 7. O-O Ngf6 8.
dxe5 Nxe5 9. Nxe5 dxe5 10. Kh1 O-O 11. f4 Bg4 12. Qe1 Qd6 13. Qg3 Qc5 14.
Na3 exf4 15. Bxf4 Qh5 16. Rae1 b5 17. Bd3 Be6 18. e5 Nd5 19. Be2 Qg6 20.
Qxg6 fxg6 21. Bc1 Bxa3 22. bxa3 Nxc3 23. Bf3 Rac8 24. Bg5 Rfe8 25. Rc1 b4
26. axb4 axb4 27. Bd2 Nxa2 28. Rxc6 Rxc6 29. Bxc6 Rd8 30. Bg5 Rc8 31. Be4
Nc3 32. Bd3 b3 33. Bc1 Rb8 34. Bb2 Na4 35. Rb1 Rd8 36. Be2 Rd2 0-1

[Event "10th EICC"]
[Site "Budva MNE"]
[Date "2009.03.11"]
[Round "6"]
[White "Gagic,M"]
[Black "Gazvoda,F"]
[Result "1-0"]
[WhiteElo "1880"]
[BlackElo "2065"]
[EventDate "2009.03.06"]

1. d4 d5 2. c4 dxc4 3. Nf3 Nf6 4. e3 a6 5. Bxc4 b5 6. Bb3 Bb7 7. O-O e6 8.
Qe2 c5 9. Rd1 cxd4 10. Nxd4 Qb6 11. a4 b4 12. Nd2 Nc6 13. Nc4 Nxd4 14. exd4
Qc7 15. Bg5 Nd5 16. Rac1 Be7 17. Ne3 Qd7 18. Nxd5 Bxd5 19. Bxd5 Qxd5 20.
Bxe7 Kxe7 21. Rc5 Qd6 22. Rdc1 Rhe8 23. Qe4 h6 24. Rc7+ Kf6 25. Qf3+ Kg5
26. h4+ Kxh4 27. Rxf7 Rf8 28. Rc5 g5 1-0

[Event "10th EICC"]
[Site "Budva MNE"]
[Date "2009.03.12"]
[Round "7"]
[White "Navara,D"]
[Black "Meier,Geo"]
[Result "1/2-1/2"]
[WhiteElo "2638"]
[BlackElo "2608"]
[EventDate "2009.03.06"]

1. e4 e6 2. d4 d5 3. Nc3 dxe4 4. Nxe4 Nd7 5. Nf3 Ngf6 6. Nxf6+ Nxf6 7. c3
c5 8. Ne5 a6 9. Be3 Qc7 10. Qa4+ Nd7 11. O-O-O cxd4 12. Nxd7 Bxd7 13. Qxd4
Bc6 14. Bc4 Rd8 15. Qg4 h5 16. Qg5 Rxd1+ 17. Rxd1 g6 18. Qf6 Rh7 19. g3 Be7
20. Qd4 Bf3 21. Bf4 Qc6 22. Rd2 h4 23. Qe5 Kf8 24. Qb8+ Kg7 25. Be5+ f6 26.
Qc7 Kf7 27. Qxc6 Bxc6 28. Bd6 hxg3 29. hxg3 Rh1+ 30. Kc2 b5 31. Be2 Be4+
32. Bd3 Bxd3+ 33. Rxd3 Rh2 34. b4 Rxf2+ 35. Kb3 Rf1 36. Bc5 Ke8 37. a4 e5
38. axb5 axb5 39. c4 Bxc5 40. bxc5 Rb1+ 41. Kc2 Rb4 42. cxb5 Rxb5 43. Rd5
e4 44. Kd2 Ke7 45. Ke3 f5 46. Kf4 Rb3 47. Rd6 e3 48. Kf3 g5 49. Rg6 e2+ 50.
Kxe2 Rxg3 51. Kf2 f4 52. c6 Kd8 53. Rg7 Kc8 54. Kf1 g4 55. Kf2 Kd8 56. Rd7+
Kc8 1/2-1/2

[Event "10th EICC"]
[Site "Budva MNE"]
[Date "2009.03.12"]
[Round "7"]
[White "Papaioannou,I"]
[Black "Tiviakov,S"]
[Result "1-0"]
[WhiteElo "2609"]
[BlackElo "2684"]
[EventDate "2009.03.06"]

1. d4 Nf6 2. c4 e6 3. g3 d5 4. Bg2 Bb4+ 5. Nd2 Nc6 6. Ngf3 dxc4 7. O-O c3
8. Nc4 cxb2 9. Bxb2 O-O 10. Rc1 Be7 11. Qd3 Bd7 12. a3 a6 13. Rfd1 Na7 14.
Nfe5 Rb8 15. Na5 Bb5 16. Qc2 c6 17. Nac4 Nc8 18. a4 Bxc4 19. Qxc4 Nb6 20.
Qa2 Nbd5 21. a5 Rc8 22. Qa1 Re8 23. h4 Nc7 24. Rd3 Nb5 25. Rcd1 Qc7 26. e4
Rcd8 27. g4 Bf8 28. g5 Nd7 29. Ng4 e5 30. d5 c5 31. Rg3 c4 32. Qc1 Bb4 33.
Bf1 Rc8 34. Qe3 Qd6 35. Qf3 c3 36. Bxb5 axb5 37. Bc1 Kf8 38. h5 Bc5 39. g6
hxg6 40. hxg6 f6 41. Qh1 Ke7 42. Qh7 Kd8 43. Qxg7 Qe7 44. Qh6 Bd4 45. g7
Rg8 46. Nxf6 Nxf6 47. Bg5 Kc7 48. Rxc3+ Bxc3 49. d6+ Qxd6 50. Rxd6 Kxd6 51.
Qxf6+ Kc7 52. Qf7+ Kb8 53. a6 bxa6 54. Be7 Bd4 55. Bf8 Rxg7+ 56. Qxg7 Rc1+
57. Kg2 Rc2 58. Bd6+ Kc8 59. Qf8+ Kb7 60. Qb8+ 1-0

[Event "10th EICC"]
[Site "Budva MNE"]
[Date "2009.03.12"]
[Round "7"]
[White "Timofeev,Arty"]
[Black "Mikhalevski,V"]
[Result "1/2-1/2"]
[WhiteElo "2671"]
[BlackElo "2608"]
[EventDate "2009.03.06"]

1. e4 e5 2. Nf3 Nc6 3. Bb5 a6 4. Ba4 Nf6 5. O-O Nxe4 6. d4 b5 7. Bb3 d5 8.
dxe5 Be6 9. Nbd2 Be7 10. c3 O-O 11. Bc2 f5 12. Nb3 Qd7 13. Re1 Kh8 14. Nfd4
Nxd4 15. Nxd4 c5 16. Ne2 Rad8 17. f3 Ng5 18. Nf4 Bg8 19. e6 Nxe6 20. a4
Nxf4 21. Bxf4 Bf6 22. axb5 Qxb5 23. Bc7 Rc8 24. Bd6 Qxb2 25. Bxf5 Qxc3 26.
Bxc8 Rxc8 27. Rxa6 c4 28. Qe2 Qd4+ 29. Qf2 c3 30. Qxd4 Bxd4+ 31. Kf1 c2 32.
Bf4 Bc3 33. Rea1 Bb2 34. Bc1 Bxa1 35. Rxa1 d4 36. Ke2 Bf7 37. Kd3 Bg6+ 38.
Kxd4 h5 39. Ra5 Kh7 40. h4 Rb8 41. Kc3 Rb1 42. Kd2 Rb4 43. g4 hxg4 44. h5
Bf7 45. fxg4 Rxg4 46. Kxc2 Rh4 47. Bb2 Rh2+ 48. Kc1 Bxh5 49. Ra7 Rg2 50.
Rxg7+ Rxg7 51. Bxg7 Kxg7 1/2-1/2

[Event "10th EICC"]
[Site "Budva MNE"]
[Date "2009.03.12"]
[Round "7"]
[White "Nyback,T"]
[Black "Banikas,H"]
[Result "1/2-1/2"]
[WhiteElo "2644"]
[BlackElo "2582"]
[EventDate "2009.03.06"]

1. d4 Nf6 2. c4 e6 3. Nf3 b6 4. g3 Bb7 5. Bg2 Be7 6. Nc3 O-O 7. Qc2 c5 8.
d5 exd5 9. Ng5 Nc6 10. Nxd5 g6 11. Qd2 Ba6 12. b3 Nxd5 13. Bxd5 Bxg5 14.
Qxg5 Nb4 15. Bxa8 Nc2+ 16. Kd1 Qxa8 17. Kxc2 Qxh1 18. Qe7 Qa8 19. Bb2 Qe8
20. Qe5 Qxe5 21. Bxe5 Re8 22. f4 f6 23. Bxf6 Rxe2+ 24. Kc3 Re6 25. Bd8 b5
26. Rd1 Re3+ 27. Kc2 Re2+ 28. Kc1 bxc4 29. Rxd7 Rxa2 30. bxc4 Bxc4 31. Bf6
Rxh2 32. Rc7 Bb3 33. Rxc5 Kf7 34. Bh4 Ke6 35. Rb5 Bc4 36. Rb7 a5 37. Rxh7
a4 38. Ra7 Ra2 39. Kb1 Bb3 1/2-1/2

[Event "10th EICC"]
[Site "Budva MNE"]
[Date "2009.03.12"]
[Round "7"]
[White "Vitiugov,N"]
[Black "Romanov,E"]
[Result "1/2-1/2"]
[WhiteElo "2687"]
[BlackElo "2576"]
[EventDate "2009.03.06"]

1. Nf3 d5 2. e3 Nf6 3. b3 e6 4. Bb2 Be7 5. d4 c5 6. Bd3 Nc6 7. O-O O-O 8.
Nbd2 b6 9. Ne5 Qc7 10. c4 dxc4 11. bxc4 Bb7 12. f4 Rad8 13. Ndf3 Nb4 14.
Bb1 Be4 15. Ng5 Bxb1 16. Qxb1 h6 17. Nexf7 hxg5 18. Nxd8 Rxd8 19. fxg5 Ng4
20. Rf4 Nxe3 21. Qe4 e5 22. dxe5 Bxg5 23. Qxe3 Nd3 24. Rf8+ Kxf8 25. Qxg5
Nxb2 26. e6 Nd1 27. Qg4 Rd4 28. Qf3+ Qf4 29. Qxf4+ Rxf4 30. Rxd1 Rxc4 31.
Rd8+ Ke7 32. Rd7+ Kxe6 33. Rxa7 g5 34. Kf2 Rc2+ 35. Kf3 b5 36. Ke4 Re2+ 37.
Kf3 Rc2 38. Ke4 Rxg2 39. Ra6+ Kf7 40. Ra5 Rb2 41. a4 bxa4 42. Kf5 Rxh2 43.
Rxc5 Ke7 44. Kxg5 Kd6 45. Ra5 Ra2 46. Kf4 Kc6 47. Ke3 Kb6 48. Ra8 Kb5 49.
Kd3 Kb4 50. Rb8+ Ka3 51. Kc3 Rg2 52. Ra8 Rg4 53. Kc2 Ka2 54. Rc8 Rg2+ 55.
Kc1 Rg1+ 56. Kc2 a3 57. Rc7 Ka1 58. Rc8 a2 59. Rc7 Rc1+ 1/2-1/2

[Event "10th EICC"]
[Site "Budva MNE"]
[Date "2009.03.12"]
[Round "7"]
[White "Halkias,S"]
[Black "Guseinov,G"]
[Result "0-1"]
[WhiteElo "2578"]
[BlackElo "2661"]
[EventDate "2009.03.06"]

1. d4 Nf6 2. Nf3 g6 3. c4 Bg7 4. Nc3 d6 5. e4 O-O 6. Be2 Bg4 7. Be3 Nfd7 8.
d5 c5 9. h4 Re8 10. Ng5 Bxe2 11. Qxe2 h6 12. Nf3 e6 13. Nd2 Na6 14. a3 Nc7
15. h5 g5 16. O-O exd5 17. cxd5 Nf6 18. b4 Qd7 19. bxc5 dxc5 20. Rad1 b6
21. d6 Qxd6 22. Nc4 Qc6 23. e5 Nfd5 24. Qf3 Ne7 25. Ne4 Qe6 26. Ncd6 Rf8
27. Nf6+ Kh8 28. Rfe1 Rab8 29. Bc1 Ng8 30. Bb2 Rbd8 31. Qc6 Qe7 32. Bc3 Ne6
33. Nf5 Qc7 34. Qe4 Bxf6 35. exf6 Qf4 36. Qc2 Rxd1 37. Rxd1 Qg4 38. f3 Qc4
39. Nd6 Qf4 40. Qe4 Nd4 41. Qxf4 gxf4 42. Bxd4 cxd4 43. Ne4 Rd8 44. Kh2 Rd5
45. Kh3 Rxh5+ 46. Kg4 Rd5 47. Kxf4 Kh7 48. g4 Kg6 49. Rc1 d3 50. Ke3 Nxf6
51. Rc6 Kg7 52. Rd6 Re5 53. Rxd3 Nxe4 54. fxe4 Ra5 55. Kf4 Kg6 56. Rd6+ f6
57. Rd3 h5 58. gxh5+ Rxh5 59. Rg3+ Kf7 60. Rc3 Ra5 61. Rb3 Ke6 62. Rd3 Ra4
63. Ke3 Ra5 64. Kf4 Ke7 65. Ke3 Kf7 66. Kf3 Ke6 67. Kf4 Ra4 68. Ke3 Rc4 69.
Rb3 Kd6 70. Kd3 Ra4 71. Ke3 Kd7 72. Kf4 Ke6 73. Ke3 Ra5 74. Kf4 Rh5 75. Kg4
Rh1 76. Kf4 Rh4+ 77. Kg3 Rxe4 78. Kf3 Ra4 79. Rd3 Ke5 80. Ke2 f5 81. Kf3 b5
82. Rb3 a6 83. Re3+ Kd5 84. Rd3+ Rd4 85. Rc3 Rc4 86. Rd3+ Kc5 87. Ke3 Re4+
88. Kf3 Kb6 89. Rd6+ Ka5 90. Rd5 Ka4 91. Rxf5 Re6 0-1

[Event "10th EICC"]
[Site "Budva MNE"]
[Date "2009.03.12"]
[Round "7"]
[White "Khairullin,I"]
[Black "Berkes,F"]
[Result "1/2-1/2"]
[WhiteElo "2574"]
[BlackElo "2651"]
[EventDate "2009.03.06"]

1. e4 c6 2. d4 d5 3. Nc3 dxe4 4. Nxe4 Bf5 5. Ng3 Bg6 6. h4 h6 7. Nf3 Nd7 8.
h5 Bh7 9. Bd3 Bxd3 10. Qxd3 e6 11. Bd2 Ngf6 12. O-O-O Be7 13. Qe2 c5 14.
Rhe1 O-O 15. Nf5 cxd4 16. N3xd4 Bc5 17. Nxh6+ gxh6 18. Bxh6 Re8 19. g4 Bf8
20. Bxf8 Nxf8 21. Kb1 Qb6 22. g5 Nd5 23. Qf3 Rac8 24. g6 f6 1/2-1/2

[Event "10th EICC"]
[Site "Budva MNE"]
[Date "2009.03.12"]
[Round "7"]
[White "Predojevic,B"]
[Black "Chadaev,N"]
[Result "1/2-1/2"]
[WhiteElo "2650"]
[BlackElo "2568"]
[EventDate "2009.03.06"]

1. e4 e5 2. Bc4 Nf6 3. d3 Nc6 4. Nc3 Na5 5. Qf3 Nxc4 6. dxc4 d6 7. Nge2 Be6
8. b3 Be7 9. O-O O-O 10. Rd1 c6 11. a4 Qc7 12. h3 Rfd8 13. Ng3 Rd7 14. Rd3
Rad8 15. Ba3 b6 16. Rad1 a6 17. R1d2 1/2-1/2

[Event "10th EICC"]
[Site "Budva MNE"]
[Date "2009.03.12"]
[Round "7"]
[White "Saric,Iv"]
[Black "Aleksandrov,A"]
[Result "1/2-1/2"]
[WhiteElo "2566"]
[BlackElo "2636"]
[EventDate "2009.03.06"]

1. e4 e5 2. Nf3 Nc6 3. Bc4 Bc5 4. O-O Nf6 5. d3 d6 6. c3 O-O 7. Re1 a6 8.
Bb3 Re8 9. h3 h6 10. Nbd2 Be6 11. Nc4 Qd7 12. Ne3 Bxb3 13. axb3 a5 14. Nh4
Kh7 15. Nef5 Ne7 16. Qf3 Nxf5 17. Nxf5 Qe6 18. Qg3 Nh5 19. Qf3 Nf6 20. Qg3
Nh5 21. Qg4 Qg6 22. Qf3 Nf6 23. g4 Ng8 24. Kh1 Qe6 25. g5 g6 26. Nxh6 Nxh6
27. gxh6 Rf8 28. Be3 Bxe3 29. Rxe3 Kxh6 30. Rg1 Rh8 31. Qg4 Qxg4 32. Rxg4
Ra6 33. f4 Rb6 34. f5 Rxb3 35. fxg6 fxg6 36. Rg2 Kg7 37. Reg3 Rh6 38. Rf3
Rh4 39. Rfg3 Kf7 40. Kh2 Rh6 41. Rf3+ Ke7 42. Rgf2 a4 43. Rf7+ Kd8 44. Rf8+
Kd7 45. Ra8 Rh4 46. Rf7+ Kc6 47. Rxa4 Rf4 48. Rc4+ Kb6 49. Rcxc7 Rxb2+ 50.
Kg3 Rxf7 51. Rxf7 Rb3 52. Rf6 Kc5 53. Kf3 Rxc3 54. Ke3 Rc2 55. Rxg6 Rh2 56.
Rh6 b5 57. d4+ exd4+ 58. Kd3 Rh1 59. Rh5+ Kb4 60. Rh6 Rd1+ 61. Ke2 Ra1 62.
Kd3 Rd1+ 63. Ke2 Rc1 64. Kd3 Kc5 65. Rh5+ Kc6 66. Kxd4 b4 67. Rh8 Kb7 68.
Rg8 Kc7 69. Rg7+ Kb6 70. Rg8 Kb5 71. Rb8+ Ka4 72. Kd5 Rd1+ 73. Kc4 Rc1+ 74.
Kd5 Re1 75. h4 b3 76. h5 Ka3 77. h6 Rh1 78. Kc4 Rc1+ 79. Kd5 Rd1+ 80. Kc4
Rc1+ 1/2-1/2

[Event "10th EICC"]
[Site "Budva MNE"]
[Date "2009.03.12"]
[Round "7"]
[White "Riazantsev,A"]
[Black "Milanovic,Da"]
[Result "1-0"]
[WhiteElo "2634"]
[BlackElo "2552"]
[EventDate "2009.03.06"]

1. d4 Nf6 2. Nf3 c5 3. d5 b5 4. Bg5 Ne4 5. Bf4 Bb7 6. a4 e6 7. dxe6 fxe6 8.
axb5 Qf6 9. Be5 Qf5 10. Nbd2 d5 11. e3 Nd7 12. Bg3 Nxg3 13. hxg3 Qf6 14. c4
Be7 15. Bd3 h6 16. O-O O-O 17. e4 Qxb2 18. exd5 exd5 19. cxd5 Nb6 20. Nc4
Nxc4 21. Bxc4 Bd6 22. Re1 Bc8 23. Ra2 Qc3 24. Qc1 Qf6 25. Qa1 Qf7 26. Re3
Bf5 27. b6 a5 28. Rxa5 Rab8 29. Ra7 Qg6 30. Nh4 Qg5 31. f4 Qf6 32. Qxf6
Rxf6 33. Nxf5 Rxf5 34. b7 Kf7 35. Ra6 Rf6 36. Rb6 Rd8 37. Rc6 Bb8 38. Rc8
Rfd6 39. Ra3 1-0

[Event "10th EICC"]
[Site "Budva MNE"]
[Date "2009.03.12"]
[Round "7"]
[White "Huzman,A"]
[Black "Drasko,M"]
[Result "1-0"]
[WhiteElo "2602"]
[BlackElo "2533"]
[EventDate "2009.03.06"]

1. Nf3 Nf6 2. c4 e6 3. g3 d5 4. d4 Bb4+ 5. Bd2 a5 6. Bg2 Nc6 7. O-O O-O 8.
a3 Be7 9. Qc2 Ne4 10. Rd1 Nd6 11. cxd5 exd5 12. Nc3 Be6 13. Bf4 Bf6 14.
Rac1 Ne7 15. Bxd6 Qxd6 16. e4 dxe4 17. Nxe4 Qc6 18. Qe2 Qb6 19. Nxf6+ gxf6
20. Rc5 Ng6 21. h4 Rfe8 22. Qd2 Kh8 23. Rdc1 c6 24. d5 cxd5 25. Nd4 Ne7 26.
Qf4 Ng8 27. Rb5 Qd8 28. Rxb7 Rc8 29. Nc6 1-0

[Event "10th EICC"]
[Site "Budva MNE"]
[Date "2009.03.12"]
[Round "7"]
[White "Popov,Val"]
[Black "Petrosian,TL"]
[Result "1-0"]
[WhiteElo "2561"]
[BlackElo "2623"]
[EventDate "2009.03.06"]

1. Nf3 d5 2. d4 c6 3. c4 Nf6 4. e3 e6 5. Bd3 Nbd7 6. O-O dxc4 7. Bxc4 Bd6
8. Nc3 O-O 9. e4 e5 10. Bg5 Qe7 11. d5 Rd8 12. h3 h6 13. dxc6 bxc6 14. Be3
Nb6 15. Be2 Be6 16. Qc2 Rab8 17. Rad1 Nh5 18. Rd2 Nf4 19. Bxf4 exf4 20.
Rfd1 Bc5 21. a3 a5 22. e5 Rxd2 23. Rxd2 Nd5 24. Ne4 Ba7 25. Qxc6 Rc8 26.
Qb5 Rc1+ 27. Kh2 Nb6 28. Qxa5 g5 29. Rd6 Kg7 30. Rxb6 Bxb6 31. Qxb6 Bf5 32.
Nf6 Rc8 33. a4 Bg6 34. a5 h5 35. Nd5 Qe6 36. Qxe6 fxe6 37. Nc3 Rc5 38. a6
g4 39. Nd4 Rxe5 40. Nc6 1-0

[Event "10th EICC"]
[Site "Budva MNE"]
[Date "2009.03.12"]
[Round "7"]
[White "Lysyj,I"]
[Black "Prohaszka,P2"]
[Result "1-0"]
[WhiteElo "2620"]
[BlackElo "2512"]
[EventDate "2009.03.06"]

1. d4 d5 2. c4 e6 3. Nc3 Be7 4. Nf3 Nf6 5. Bg5 O-O 6. e3 Nbd7 7. Qc2 c5 8.
cxd5 cxd4 9. Nxd4 Nxd5 10. Bxe7 Qxe7 11. Nxd5 exd5 12. Bd3 Nf6 13. O-O Bg4
14. h3 Be6 15. Rac1 Rfc8 16. Qa4 a6 17. Qb3 Rc7 18. Rxc7 Qxc7 19. Qc2 Qxc2
20. Bxc2 Rc8 21. f3 Kf8 22. Kf2 Ke7 23. g4 h6 24. h4 Nd7 25. Rg1 Ne5 26.
Bb1 Nc6 27. Ne2 Rd8 28. Rd1 Kd6 29. Kg3 Kc5 30. Rc1+ Kb6 31. f4 f6 32. Rd1
Bf7 33. a3 a5 34. Bc2 Rd7 35. Bb3 h5 36. g5 Re7 37. Kf2 Kc5 38. Rc1+ Kd6
39. Ng3 g6 40. gxf6 Rd7 41. e4 Nd4 42. e5+ Ke6 43. Ba4 b5 44. Bd1 Rb7 45.
Ke3 Nf5+ 46. Nxf5 Kxf5 47. Bc2+ Ke6 48. Bd3 b4 49. a4 b3 50. Rc6+ Kd7 51.
Bb5 1-0

[Event "10th EICC"]
[Site "Budva MNE"]
[Date "2009.03.12"]
[Round "7"]
[White "Savic,Miod1"]
[Black "Lupulescu,C"]
[Result "1/2-1/2"]
[WhiteElo "2525"]
[BlackElo "2608"]
[EventDate "2009.03.06"]

1. e4 c6 2. d4 d5 3. Nd2 dxe4 4. Nxe4 Bf5 5. Ng3 Bg6 6. Nf3 Nd7 7. c3 e6 8.
Bd3 Bxd3 9. Qxd3 Ngf6 10. O-O Be7 11. Qe2 O-O 12. Rd1 Re8 13. c4 Qc7 14. b3
Rad8 1/2-1/2

[Event "10th EICC"]
[Site "Budva MNE"]
[Date "2009.03.12"]
[Round "7"]
[White "Kovacevic,A"]
[Black "Parligras,M"]
[Result "1-0"]
[WhiteElo "2543"]
[BlackElo "2605"]
[EventDate "2009.03.06"]

1. e4 c5 2. Nf3 e6 3. c4 Nc6 4. Nc3 e5 5. Be2 d6 6. O-O f5 7. exf5 Bxf5 8.
d3 Be7 9. Nd2 Nf6 10. Nde4 O-O 11. Bf3 Rb8 12. Nxf6+ Bxf6 13. Be4 g6 14.
Be3 Bg5 15. Bxf5 Rxf5 16. Ne4 Bxe3 17. fxe3 Qe7 18. Qg4 Rbf8 19. a3 Nd8 20.
Rxf5 Rxf5 21. Rf1 Rxf1+ 22. Kxf1 Ne6 23. Ke2 Kg7 24. g3 a6 25. Qh4 Qf8 26.
g4 h6 27. Qf2 Qd8 28. h4 b5 29. b3 bxc4 30. bxc4 Qe7 31. Kf1 Nc7 32. Kg2 d5
33. cxd5 Nxd5 34. Kg3 Nf6 35. Nxf6 Qxf6 36. Qb2 Qd6 37. Qb7+ Kf6 38. Qf3+
Kg7 39. Qe4 Kf7 40. a4 a5 41. g5 hxg5 42. hxg5 Kg7 43. Kh4 Qc7 44. Qd5 Kh7
45. Qe6 e4 46. Qxe4 Qh2+ 47. Kg4 Qh5+ 48. Kf4 Qh2+ 49. Kf3 Qh1+ 50. Kf2
Qh2+ 51. Qg2 Qh4+ 52. Qg3 Qxa4 53. Qc7+ Kg8 54. Qd8+ Kf7 55. Qf6+ Ke8 56.
Qxg6+ Kd7 57. Qf7+ Kd6 58. Qf8+ Kd5 59. Qf7+ Kd6 60. Qf6+ Kd7 61. Qf5+ Kd6
62. g6 Qa2+ 63. Kf3 Qa1 64. Qf8+ Ke6 65. Qf7+ Kd6 66. Kg2 Qb2+ 67. Kh3 Qa1
68. Qf8+ Kc6 69. Qf3+ Kb6 70. d4 Qg1 71. dxc5+ Kxc5 72. Qf5+ Kb6 73. Qf6+
Kb5 74. Qe5+ Ka6 75. g7 Qh1+ 76. Kg4 Qg2+ 77. Kf5 Qf3+ 78. Ke6 Qg4+ 79. Kf7
1-0

[Event "10th EICC"]
[Site "Budva MNE"]
[Date "2009.03.12"]
[Round "7"]
[White "Spoelman,W"]
[Black "Azarov,S"]
[Result "1/2-1/2"]
[WhiteElo "2493"]
[BlackElo "2600"]
[EventDate "2009.03.06"]

1. e4 d5 2. exd5 Qxd5 3. d4 Nc6 4. Be3 e5 5. Nc3 Bb4 6. Nf3 exd4 7. Nxd4
Nge7 8. Ndb5 Qe5 9. Qd2 O-O 10. O-O-O Bf5 11. Bf4 Qf6 12. Be2 Bg6 13. Bg3
a6 1/2-1/2

[Event "10th EICC"]
[Site "Budva MNE"]
[Date "2009.03.12"]
[Round "7"]
[White "Postny,E"]
[Black "Evdokimov,Alexa"]
[Result "1-0"]
[WhiteElo "2652"]
[BlackElo "2545"]
[EventDate "2009.03.06"]

1. d4 Nf6 2. c4 g6 3. Nc3 d5 4. Bg5 Ne4 5. Bh4 Nxc3 6. bxc3 dxc4 7. e3 Bg7
8. Bxc4 c5 9. Nf3 O-O 10. O-O Nc6 11. a4 Bf5 12. Nd2 Na5 13. Ba2 Rc8 14. e4
Bd7 15. e5 cxd4 16. cxd4 Bf5 17. Nf3 Qd7 18. Qe2 e6 19. h3 b6 20. Qe3 Rc7
21. Bf6 Rfc8 22. Qf4 Rc3 23. d5 exd5 24. Rad1 Be6 25. Ng5 Ra3 26. Qh4 h6
27. Bxg7 Kxg7 28. Nxe6+ Qxe6 29. Bxd5 Qxe5 30. Bxf7 Rc7 31. Bd5 Qf6 32. Qb4
Rac3 33. Rfe1 Nc6 34. Qb1 Re7 35. Rxe7+ Nxe7 36. Ba2 h5 37. Qe4 Rc7 38. g3
Kh7 39. Bb1 Nf5 40. Qf4 Rf7 41. Ba2 Re7 42. g4 Qh4 43. Bb1 Rf7 44. Bxf5
gxf5 45. Rd7 Qf6 46. g5 Qg7 47. Rd6 Qa1+ 48. Kg2 Kg7 49. h4 Qc3 50. Rh6 Qc5
51. Qb8 Qd5+ 52. Kh2 Rf8 53. Qxa7+ Rf7 54. Qb8 Rf8 55. Qc7+ Rf7 56. Qc3+
1-0

[Event "10th EICC"]
[Site "Budva MNE"]
[Date "2009.03.12"]
[Round "7"]
[White "Djukic,Ni"]
[Black "Pashikian,A"]
[Result "0-1"]
[WhiteElo "2500"]
[BlackElo "2621"]
[EventDate "2009.03.06"]

1. e4 e5 2. Nf3 Nc6 3. Bb5 a6 4. Ba4 Nf6 5. O-O Be7 6. Re1 b5 7. Bb3 O-O 8.
d3 d6 9. c3 Na5 10. Bc2 c5 11. Nbd2 Nc6 12. Nf1 Re8 13. Bg5 Nd7 14. Bxe7
Nxe7 15. Ne3 Nf6 16. a4 Bb7 17. Bb3 h6 18. h3 Ng6 19. axb5 axb5 20. Rxa8
Bxa8 21. Nh2 d5 22. exd5 Nxd5 23. Nxd5 Bxd5 24. Bxd5 Qxd5 25. Qf3 Rd8 26.
Qxd5 Rxd5 27. Nf3 f6 28. Re3 Nf4 29. Ne1 c4 30. dxc4 bxc4 31. Nc2 Rd1+ 32.
Re1 Rd2 33. Ne3 Rxb2 34. Nxc4 Rc2 35. Ne3 Rxc3 36. Ra1 Rc7 37. h4 h5 38. g3
Ne6 39. Nf5 Kf7 40. Ra6 Nc5 41. Ra2 Kg6 42. Ne3 Nd3 43. Kf1 Rb7 44. Rd2
Rb1+ 45. Ke2 Nc5 46. Kf3 Kf7 47. Nf5 Rb3+ 48. Ke2 g6 49. Ne3 Ke6 50. Rc2
Rb5 51. Ra2 Rb4 52. Rc2 Ne4 53. Rc6+ Nd6 54. Ra6 f5 55. Kf3 Rd4 56. Kg2 Kf7
57. Ra7+ Kf6 58. Ra6 Kg7 59. Ra7+ Nf7 60. Nc2 Rd6 61. Ne3 Kf6 62. Nc4 Rd4
63. Ra6+ Kg7 64. Rc6 Nd8 65. Rc5 Ne6 66. Rc6 Kf6 67. Ne3 Ke7 68. Nc4 Rd5
69. Ra6 Rc5 70. Ra7+ Kf6 71. Nd6 e4 72. Ra4 Rc2 73. Rc4 Rd2 74. Rc6 e3 75.
Kf3 e2 0-1

[Event "10th EICC"]
[Site "Budva MNE"]
[Date "2009.03.12"]
[Round "7"]
[White "Antic,De"]
[Black "Mchedlishvili,M"]
[Result "1/2-1/2"]
[WhiteElo "2495"]
[BlackElo "2619"]
[EventDate "2009.03.06"]

1. d4 d6 2. Nf3 g6 3. c4 Bg7 4. Nc3 Bg4 5. g3 Bxf3 6. exf3 e6 7. h4 Ne7 8.
d5 exd5 9. cxd5 Nd7 10. h5 Nb6 11. Bb5+ c6 12. dxc6 bxc6 13. Bd3 d5 14. Kf1
O-O 15. Bf4 c5 16. Ba6 Qd7 17. Bb5 Qb7 18. hxg6 fxg6 19. Bd6 Nbc8 20. Bxe7
Nxe7 21. Qe2 a6 22. Ba4 Rf7 23. Rd1 c4 24. Qe6 Bxc3 25. bxc3 Raf8 26. Rd4
Nf5 27. Rf4 Kg7 28. Bc6 Qc7 29. Bxd5 Re7 30. Qxa6 Nxg3+ 31. fxg3 Rxf4 32.
gxf4 Qxf4 33. Qxc4 Qc1+ 34. Kg2 Qg5+ 35. Kh3 Qf5+ 36. Kg3 Qg5+ 37. Qg4 Qxd5
38. Qd4+ Qxd4 39. cxd4 Ra7 40. Rh2 Kf6 41. Kf4 h5 42. Ke4 Re7+ 43. Kd3 Kf5
44. d5 Kf4 45. Kd4 Rh7 46. d6 h4 47. Rh3 g5 48. Kd5 Ra7 49. Ke6 Rxa2 50. d7
Re2+ 51. Kf6 Rd2 52. Ke7 1/2-1/2

[Event "10th EICC"]
[Site "Budva MNE"]
[Date "2009.03.12"]
[Round "7"]
[White "Stanojoski,Z"]
[Black "L'Ami,E"]
[Result "0-1"]
[WhiteElo "2493"]
[BlackElo "2603"]
[EventDate "2009.03.06"]

1. e4 c6 2. d4 d5 3. Nd2 dxe4 4. Nxe4 Bf5 5. Ng3 Bg6 6. h4 h6 7. Nf3 Nd7 8.
h5 Bh7 9. Bd3 Bxd3 10. Qxd3 e6 11. Bd2 Ngf6 12. O-O-O Be7 13. Qe2 c5 14.
Rhe1 O-O 15. Nf5 cxd4 16. N3xd4 Bc5 17. Nxh6+ gxh6 18. Bxh6 Re8 19. Qf3 Bf8
20. Bxf8 Rxf8 21. h6 Kh8 22. Qxb7 Nd5 23. Nf3 Nc5 24. Qb5 Rc8 25. Qc4 Qf6
26. Kb1 Rb8 27. Ne5 Na4 28. Rxd5 Nxb2 29. Qd4 Nd3+ 30. Ka1 Nxe1 31. Rc5
Rfd8 32. Nxf7+ Kg8 33. h7+ Kxf7 34. Rc7+ Kg6 0-1

[Event "10th EICC"]
[Site "Budva MNE"]
[Date "2009.03.12"]
[Round "7"]
[White "Skoberne,J"]
[Black "Svetushkin,D"]
[Result "1/2-1/2"]
[WhiteElo "2489"]
[BlackElo "2593"]
[EventDate "2009.03.06"]

1. e4 c5 2. c3 e6 3. Nf3 d5 4. exd5 exd5 5. d4 a6 6. Bd3 c4 7. Bc2 Bd6 8.
O-O Nc6 9. Ne5 Nge7 10. Bf4 Nxe5 11. dxe5 Bc5 12. Nd2 Bf5 13. Bxf5 Nxf5 14.
Qg4 Qd7 15. a4 Qe6 16. Nf3 h6 17. Nh4 Nxh4 18. Qxh4 O-O 19. Rae1 Rfe8 20.
h3 Qc6 21. Be3 Rxe5 22. Bxc5 Rxe1 23. Rxe1 Qxc5 24. Qe7 Qb6 25. Re2 Qc6 26.
a5 Rc8 27. Re5 Qb5 28. Re2 Qc6 29. Re5 Rf8 30. Re2 Qc8 31. Re3 Rd8 32. Rg3
Re8 33. Qf6 Re1+ 34. Kh2 g6 35. Qf4 g5 36. h4 Re4 37. Qf6 Qe6 38. hxg5 Rh4+
39. Rh3 Rxh3+ 40. gxh3 Qxf6 41. gxf6 Kh7 42. Kg3 Kg6 43. Kg4 Kxf6 44. Kh5
Kg7 45. f3 Kh7 46. f4 Kg7 47. f5 Kf6 48. Kxh6 Kxf5 49. Kg7 Ke6 50. h4 f5
51. h5 f4 52. h6 f3 53. h7 f2 54. h8=Q f1=Q 55. Qe8+ Kd6 56. Qd8+ Ke6 57.
Qc8+ Kd6 58. Qxb7 Qg2+ 59. Kf8 Qf2+ 60. Kg8 Qg2+ 61. Kf8 Qf2+ 62. Kg8 Qg3+
63. Kf8 Qf4+ 64. Qf7 Qh6+ 65. Ke8 Qe6+ 66. Qxe6+ Kxe6 67. Kd8 Kd6 68. Ke8
1/2-1/2